Statistics for Stranger Things Episodes (2019 Update)

Click here to take the quiz!

General Stats

  • This quiz has been taken 373 times
  • The average score is 14 of 25

Answer Stats

SeasonChapterEpisode Name% Correct
Season 11The Vanishing of {Will} {Byers}
96%
Season 28The {Mind} Flayer
90%
Season 31Suzie, {Do} {You} {Copy}
80%
Season 38The Battle of {Starcourt}
80%
Season 24Will the {Wise}
77%
Season 13Holly, {Jolly}
76%
Season 15The Flea and the {Acrobat}
75%
Season 22Trick or Treat, {Freak}
72%
Season 12The {Weirdo} on Maple Street
65%
Season 32The Mall {Rats}
64%
Season 27The {Lost} Sister
58%
Season 34The {Sauna} Test
56%
Season 19The {Upside} {Down}
56%
Season 21{MADMAX}
54%
Season 17The {Bathtub}
49%
Season 33The Case of the {Missing} {Lifeguard}
48%
Season 29The {Gate}
48%
Season 16The {Monster}
47%
Season 14The {Body}
46%
Season 36E Pluribus {Unum}
43%
Season 23The {Pollywog}
34%
Season 26The {Spy}
34%
Season 25{Dig} {Dug}
33%
Season 37The {Bite}
33%
Season 35The {Flayed}
33%

Score Distribution

Percentile by Number Answered

Percent of People with Each Score

Your Score History

You have not taken this quiz